000 00340nam a22001337a 4500
020 _a9789673498321
040 _cNUST
082 _a005.133-C++
_bLAF
100 _aLafore, Robert
_910251
245 _aObject-Oriented Programming in C++
250 _aFOURTH EDITION
260 _aIndia:
_bPEARSON EDUCATION ASIA,
_c2020.
942 _2ddc
_cBK
999 _c586649
_d586649